La mujer en el derecho : (Record no. 84824)

MARC details
000 -LEADER
campo de control de longitud fija 00904nam a2200229 i 4500
001 - NÚMERO DE CONTROL
campo de control 84824
003 - IDENTIFICADOR DE NÚMERO DE CONTROL
campo de control ES-MaACL
005 - FECHA Y HORA DE LA ÚLTIMA TRANSACCIÓN
campo de control 20250901043409.0
007 - CAMPO FIJO DE DESCRIPCIÓN FÍSICA--INFORMACIÓN GENERAL
campo de control de longitud fija t|
008 - DATOS DE LONGITUD FIJA--INFORMACIÓN GENERAL
campo de control de longitud fija 041124s1984 sp ||||1| spa d
020 ## - NÚMERO INTERNACIONAL ESTÁNDAR DEL LIBRO
Número Internacional Estándar del Libro 84-505-0184-9
111 2# - ENTRADA PRINCIPAL--NOMBRE DE CONGRESO/REUNIÓN
Nombre de congreso/reunión o jurisdicción como elemento de entrada Jornadas de Encuentro entre Países de Habla Hispana (
Número del congreso/reunión o número de parte o sección 1ª.
Fecha del congreso o de la firma del tratado 1983.
Sede del congreso/Lugar de la reunión Madrid)
9 (RLIN) 791
245 13 - MENCIÓN DEL TÍTULO
Título La mujer en el derecho :
Resto del título primeras Jornadas de Encuentro entre Países de Habla Hispana /
Mención de responsabilidad, etc. Federación Internacional de Mujeres de Carreras Jurídicas.
260 ## - PUBLICACIÓN, DISTRIBUCIÓN, ETC.
Lugar de publicación, distribución, etc. Madrid :
Nombre del editor, distribuidor, etc. Instituto de la Mujer,
Fecha de publicación, distribución, etc. [1984]
300 ## - DESCRIPCIÓN FÍSICA
Extensión 421 p. ;
Dimensiones 24 cm.
650 #4 - PUNTO DE ACCESO ADICIONAL DE MATERIA--TÉRMINO DE MATERIA
Término de materia o nombre geográfico como elemento de entrada Mujeres-
Subdivisión general Estatuto jurídico-
Subdivisión de forma Congresos y asambleas.
9 (RLIN) 174149
650 #4 - PUNTO DE ACCESO ADICIONAL DE MATERIA--TÉRMINO DE MATERIA
Término de materia o nombre geográfico como elemento de entrada Mujeres-
Subdivisión general Derechos
9 (RLIN) 15263
710 2# - ENTRADA AGREGADA--NOMBRE DE ENTIDAD CORPORATIVA
Nombre de entidad corporativa o nombre de jurisdicción como elemento de entrada Federación Internacional de Mujeres de Carreras Jurídicas.
9 (RLIN) 4109
710 2# - ENTRADA AGREGADA--NOMBRE DE ENTIDAD CORPORATIVA
Nombre de entidad corporativa o nombre de jurisdicción como elemento de entrada Instituto de la Mujer (España)
9 (RLIN) 4980
852 4# - LOCALIZACIÓN
Ubicación ES-MaACL
Número de control de estantería L-9036
Holdings
Estatus retirado Estado de pérdida Estado de daño No para préstamo Biblioteca de origen Biblioteca actual Ubicación en estantería Fecha de adquisición Fuente de adquisición Total de préstamos Signatura topográfica completa Código de barras Visto por última vez Precio de reemplazo Tipo de ítem Koha
        Biblioteca del Ateneo de Madrid Biblioteca del Ateneo de Madrid Depósito 2 17/01/2008     L-9036 1088646 23/02/2023 23/02/2023 Libro impreso